[Event "Perm op 06"]
[Site "Perm"]
[Date "2009.06.14"]
[Round "8"]
[White "Antonov, Andrey P"]
[Black "Muntian, Evgeny"]
[Result "1-0"]
[WhiteElo "2158"]
[BlackElo "1983"]
[PlyCount "31"]
[EventDate "2009.06.09"]
[EventType "swiss"]
[EventRounds "8"]
[EventCountry "RUS"]
[SourceTitle "EXT 2022"]
[Source "ChessBase"]
[SourceDate "2021.10.06"]
[SourceVersion "1"]
[SourceVersionDate "2021.10.06"]
[SourceQuality "1"]

1. d4 f5 2. Nc3 Nf6 3. Bg5 Ne4 4. Nxe4 fxe4 5. Qd2 d5 6. 0-0-0 h6 7. Bh4 Qd6 8. f3 Bf5 9. g4 Bh7 10. Bg2 e6 11. fxe4 dxe4 12. e3 g5 13. Bg3 Qc6 14. h4 Be7 15. hxg5 hxg5 16. Be5 1-0

[Event "Perm op 06"]
[Site "Perm"]
[Date "2009.06.11"]
[Round "4"]
[White "Pugachevsky, Valery"]
[Black "Muntian, Evgeny"]
[Result "0-1"]
[WhiteElo "1670"]
[BlackElo "2059"]
[PlyCount "42"]
[EventDate "2009.06.09"]
[EventType "swiss"]
[EventRounds "8"]
[EventCountry "RUS"]
[SourceTitle "EXT 2022"]
[Source "ChessBase"]
[SourceDate "2021.10.06"]
[SourceVersion "1"]
[SourceVersionDate "2021.10.06"]
[SourceQuality "1"]

1. c4 Nc6 2. Nc3 Nf6 3. g3 d5 4. cxd5 Nxd5 5. Bg2 Nxc3 6. bxc3 g6 7. Nf3 Bg7 8. 0-0 0-0 9. d4 Bg4 10. h3 Bxf3 11. Bxf3 Qd7 12. Bg2 Rad8 13. Be3 b6 14. Qa4 Na5 15. Qxd7 Rxd7 16. h4 e5 17. dxe5 Bxe5 18. Bh6 Rfd8 19. Rac1 Nc4 20. f4 Bg7 21. Bg5 f6 0-1

[Event "Perm op 05"]
[Site "Perm"]
[Date "2009.05.19"]
[Round "5"]
[White "Kashin, Yury"]
[Black "Muntian, Evgeny"]
[Result "1-0"]
[WhiteElo "2003"]
[BlackElo "2097"]
[PlyCount "79"]
[EventDate "2009.05.13"]
[EventType "swiss"]
[EventRounds "8"]
[EventCountry "RUS"]
[SourceTitle "EXT 2022"]
[Source "ChessBase"]
[SourceDate "2021.10.06"]
[SourceVersion "1"]
[SourceVersionDate "2021.10.06"]
[SourceQuality "1"]

1. e4 d5 2. exd5 Qxd5 3. Nc3 Qd8 4. d4 Nf6 5. Nf3 c6 6. Be2 g6 7. 0-0 Bg7 8. Ne5 Nbd7 9. Bc4 Nxe5 10. dxe5 Qxd1 11. Rxd1 Ng4 12. f4 Nh6 13. Be3 Nf5 14. Bf2 0-0 15. a4 Kh8 16. Ne4 b6 17. Rd2 c5 18. Rad1 Bb7 19. Bd5 Bxd5 20. Rxd5 e6 21. Rd7 f6 22. exf6 Bxf6 23. Nxf6 Rxf6 24. Rc7 Rg8 25. g4 Ng7 26. Bg3 a6 27. Rdd7 h6 28. f5 gxf5 29. gxf5 exf5 30. Be5 Rg6+ 31. Kf2 h5 32. Rd6 Rxd6 33. Bxd6 Kh7 34. Be5 a5 35. Rb7 Kg6 36. Rxb6+ Kg5 37. Kf3 Ne8 38. Bf4+ Kh4 39. Bg3+ Kg5 40. h4# 1-0

[Event "Perm op 05"]
[Site "Perm"]
[Date "2009.05.14"]
[Round "2"]
[White "Voronov, Vitaly N"]
[Black "Muntian, Evgeny"]
[Result "0-1"]
[WhiteElo "1822"]
[BlackElo "1651"]
[PlyCount "68"]
[EventDate "2009.05.13"]
[EventType "swiss"]
[EventRounds "8"]
[EventCountry "RUS"]
[SourceTitle "EXT 2022"]
[Source "ChessBase"]
[SourceDate "2021.10.06"]
[SourceVersion "1"]
[SourceVersionDate "2021.10.06"]
[SourceQuality "1"]

1. d4 Nf6 2. Bf4 c5 3. dxc5 Qa5+ 4. Qd2 Qxc5 5. e3 g6 6. Nf3 Bg7 7. Nc3 0-0 8. Be2 b6 9. 0-0 Bb7 10. a3 d6 11. Na4 Qc6 12. Nc3 Nbd7 13. Bb5 Qc7 14. Be2 Nc5 15. Rfe1 Nfe4 16. Nxe4 Nxe4 17. Qc1 Rac8 18. c3 Nc5 19. Qc2 Be4 20. Qd1 Qd7 21. Rc1 Qa4 22. Ra1 Bc2 23. Qd5 Bb3 24. Qg5 Qe8 25. Bd1 Bc4 26. Bg3 Nd3 27. Re2 Bf6 28. Qg4 Qb5 29. Rb1 Bxc3 30. Rc2 Bg7 31. Be2 Be6 32. Qe4 Bf5 33. Qxe7 Rxc2 34. Bxd3 Bxd3 0-1